Statistics for 2017 AFL Premiership Team

Click here to take the quiz!

General Stats

  • This quiz has been taken 88 times
  • The average score is 19 of 24

Answer Stats

Hint Answer % Correct
Full ForwardJack Riewoldt
100%
Centre Half ForwardDustin Martin
100%
Premiership TeamRichmond
98%
Full BackAlex Rance
96%
CoachDamien Hardwick
93%
CentreTrent Cotchin
93%
Forward PocketDaniel Rioli
89%
RuckToby Nankervis
89%
Ruck RoverDion Prestia
80%
Half Back FlankBachar Houli
80%
Back PocketBrandon Ellis
78%
InterchangeJack Graham
76%
Back PocketDylan Grimes
76%
InterchangeJason Castagna
74%
Forward PocketDan Butler
72%
InterchangeNathan Broad
69%
RoverShaun Grigg
69%
Half Forward FlankJosh Caddy
67%
Centre Half BackDavid Astbury
65%
WingKamdyn McIntosh
65%
WingJacob Townsend
65%
InterchangeShane Edwards
63%
Half Forward FlankKane Lambert
59%
Half Back FlankNick Vlastuin
52%

Score Distribution

Percentile by Number Answered

Percent of People with Each Score

Your Score History

You have not taken this quiz